| 000 | 00882cam a2200241 i 4500 | ||
|---|---|---|---|
| 001 | 000018095 | ||
| 005 | 20200929165342.0 | ||
| 008 | 781027s1979 ja b 001 0 eng | ||
| 020 | _a0870113399 : | ||
| 040 |
_aDO-SdBNP _cDLC _dDLC _dBNPHU |
||
| 041 | 1 | 7 |
_aeng _2jpn |
| 082 |
_aR 016.8956 _bM689j |
||
| 110 | 2 |
_aKokusai Bunka Kaikan (Tokyo, Japan). _bToshoshitsu. _939226 |
|
| 245 | 1 | 0 |
_aModern Japanese literature in translation : _ba bibliography. |
| 260 |
_aTokyo ; _aNew York : _bKodansha International ; _aNew York : _bthrough Harper & Row, _c1979. |
||
| 300 |
_a311 p. ; _c27 cm. |
||
| 500 | _aIncluye índice de títulos. | ||
| 500 | _aIncluye índice de traducción. | ||
| 650 | 4 |
_aLiteratura japonesa _y1868- _xTraducción _xBibliografía _939227 |
|
| 710 | 1 |
_aInternational House of Japan Library, _ecomp. _939228 |
|
| 910 | _aCatalogación por copia / LC | ||
| 049 | _aBNRE | ||
| 999 |
_c17617 _d17617 |
||